[Event "World Chess Olympiad 2018"]
[Site "Batumi"]
[Date "2018.09.27"]
[Round "4"]
[Board "2"]
[WhiteFideId "20500254"]
[White "Mwale George"]
[BlackFideId "4900880"]
[Black "Battulga Namkhai"]
[Result "0-1"]
[LiveChessVersion "1.4.8"]
[BlackElo "2421"]
[WhiteElo "2000"]

1. e4 {[%clk 1:30:55]} c5 {[%clk 1:30:58]} 2. Nf3 {[%clk 1:31:18]} d6
{[%clk 1:31:25]} 3. d4 {[%clk 1:31:36]} cxd4 {[%clk 1:31:52]} 4. Nxd4
{[%clk 1:31:56]} Nf6 {[%clk 1:32:18]} 5. Nc3 {[%clk 1:32:20]} a6 {[%clk 1:32:46]}
6. a4 {[%clk 1:32:16]} e5 {[%clk 1:33:03]} 7. Nf3 {[%clk 1:32:13]} Be6
{[%clk 1:32:58]} 8. Be2 {[%clk 1:32:15]} h6 {[%clk 1:33:14]} 9. O-O
{[%clk 1:32:31]} Nc6 {[%clk 1:33:41]} 10. h3 {[%clk 1:31:48]} Be7
{[%clk 1:34:05]} 11. Be3 {[%clk 1:32:08]} O-O {[%clk 1:34:18]} 12. Qd2
{[%clk 1:32:15]} d5 {[%clk 1:33:39]} 13. exd5 {[%clk 1:31:47]} Nxd5
{[%clk 1:34:03]} 14. Nxd5 {[%clk 1:30:10]} Qxd5 {[%clk 1:34:17]} 15. Qxd5
{[%clk 1:29:10]} Bxd5 {[%clk 1:34:45]} 16. Rad1 {[%clk 1:25:19]} Be6
{[%clk 1:34:58]} 17. c4 {[%clk 1:18:59]} f5 {[%clk 1:34:06]} 18. Bb6
{[%clk 1:18:39]} Rac8 {[%clk 1:33:23]} 19. b3 {[%clk 1:14:46]} Kf7
{[%clk 1:31:42]} 20. Kh2 {[%clk 1:04:28]} Bf6 {[%clk 1:31:26]} 21. g3
{[%clk 0:37:05]} Nb8 {[%clk 1:26:06]} 22. Rd6 {[%clk 0:27:07]} Rc6
{[%clk 1:22:03]} 23. Rfd1 {[%clk 0:25:43]} Rxd6 {[%clk 1:22:12]} 24. Rxd6
{[%clk 0:26:10]} Nd7 {[%clk 1:22:14]} 25. Nh4 {[%clk 0:17:29]} Be7
{[%clk 1:19:27]} 26. Bc7 {[%clk 0:08:36]} Bxd6 {[%clk 1:12:45]} 27. Bxd6
{[%clk 0:09:04]} Rg8 {[%clk 1:12:16]} 28. b4 {[%clk 0:07:39]} Kf6
{[%clk 1:11:34]} 29. c5 {[%clk 0:07:31]} Nxc5 {[%clk 1:12:35]} 30. Nf3
{[%clk 0:06:30]} Nd7 {[%clk 1:13:02]} 31. Kg2 {[%clk 0:06:18]} Bd5 0-1

[Event "World Chess Olympiad 2018"]
[Site "Batumi"]
[Date "2018.09.27"]
[Round "4"]
[Board "3"]
[WhiteFideId "4901266"]
[White "Munkhgal Gombosuren"]
[BlackFideId "16400119"]
[Black "Chipanga Chiletso"]
[Result "1-0"]
[LiveChessVersion "1.4.8"]
[BlackElo "2153"]
[WhiteElo "2452"]

1. d4 {[%clk 1:30:56]} d5 {[%clk 1:30:57]} 2. Nf3 {[%clk 1:31:18]} Nf6
{[%clk 1:31:22]} 3. Bf4 {[%clk 1:31:45]} Bf5 {[%clk 1:30:38]} 4. e3
{[%clk 1:31:59]} e6 {[%clk 1:30:37]} 5. c4 {[%clk 1:32:24]} Nbd7 {[%clk 1:30:26]}
6. Nc3 {[%clk 1:32:45]} c6 {[%clk 1:30:41]} 7. Qb3 {[%clk 1:33:09]} Qb6
{[%clk 1:30:03]} 8. c5 {[%clk 1:33:34]} Qxb3 {[%clk 1:30:07]} 9. axb3
{[%clk 1:34:01]} Nh5 {[%clk 1:28:13]} 10. b4 {[%clk 1:31:50]} Nxf4
{[%clk 1:25:10]} 11. exf4 {[%clk 1:30:52]} b5 {[%clk 1:23:13]} 12. Ra6
{[%clk 1:16:11]} Nb8 {[%clk 1:22:07]} 13. Rxc6 {[%clk 1:15:13]} Nxc6
{[%clk 1:22:08]} 14. Bxb5 {[%clk 1:15:40]} Rb8 {[%clk 1:16:37]} 15. Bxc6+
{[%clk 1:15:51]} Ke7 {[%clk 1:08:25]} 16. b5 {[%clk 1:15:42]} f6 {[%clk 1:08:25]}
17. Kd2 {[%clk 1:15:13]} Rc8 {[%clk 1:05:09]} 18. Ra1 {[%clk 1:11:05]} Rc7
{[%clk 1:04:09]} 19. Bxd5 {[%clk 0:59:57]} Kf7 {[%clk 1:00:05]} 20. Bc4
{[%clk 0:57:21]} Be7 {[%clk 0:55:58]} 21. Nh4 {[%clk 0:53:23]} g6
{[%clk 0:55:34]} 22. Ra6 {[%clk 0:49:34]} Rd8 {[%clk 0:51:39]} 23. Nxf5
{[%clk 0:49:33]} gxf5 {[%clk 0:50:59]} 24. Bxe6+ {[%clk 0:49:28]} Kf8
{[%clk 0:48:36]} 25. Nd5 {[%clk 0:47:19]} Bxc5 {[%clk 0:38:38]} 26. Nxc7
{[%clk 0:47:00]} Rxd4+ {[%clk 0:38:43]} 27. Kc2 {[%clk 0:46:17]} Rxf4
{[%clk 0:37:00]} 28. f3 {[%clk 0:46:35]} h5 {[%clk 0:35:47]} 29. Bd5
{[%clk 0:46:45]} 1-0

[Event "World Chess Olympiad 2018"]
[Site "Batumi"]
[Date "2018.09.27"]
[Round "4"]
[Board "4"]
[WhiteFideId "16400135"]
[White "Mwale Joseph"]
[BlackFideId "4900774"]
[Black "Nasanjargal Urtnasan"]
[Result "0-1"]
[LiveChessVersion "1.4.8"]
[BlackElo "2470"]
[WhiteElo "2231"]

1. Nf3 {[%clk 1:30:57]} Nf6 {[%clk 1:30:39]} 2. g3 {[%clk 1:31:19]} g6
{[%clk 1:30:55]} 3. b4 {[%clk 1:31:42]} Bg7 {[%clk 1:29:32]} 4. Bb2
{[%clk 1:32:06]} O-O {[%clk 1:29:40]} 5. Bg2 {[%clk 1:32:21]} d6 {[%clk 1:23:28]}
6. O-O {[%clk 1:31:40]} e5 {[%clk 1:22:21]} 7. d3 {[%clk 1:32:06]} Re8
{[%clk 1:17:12]} 8. c4 {[%clk 1:32:12]} Nbd7 {[%clk 1:15:35]} 9. Nc3
{[%clk 1:31:34]} c6 {[%clk 1:09:04]} 10. Nd2 {[%clk 1:28:48]} Nf8
{[%clk 1:07:52]} 11. a4 {[%clk 1:27:26]} a5 {[%clk 0:57:17]} 12. b5
{[%clk 1:27:42]} Qc7 {[%clk 0:55:44]} 13. Nde4 {[%clk 1:25:09]} Nxe4
{[%clk 0:52:25]} 14. Nxe4 {[%clk 1:25:16]} f5 {[%clk 0:51:00]} 15. Nd2
{[%clk 1:22:26]} Be6 {[%clk 0:49:01]} 16. Rc1 {[%clk 1:20:19]} Nd7
{[%clk 0:45:28]} 17. Qc2 {[%clk 1:16:06]} c5 {[%clk 0:42:25]} 18. e3
{[%clk 1:15:53]} Rad8 {[%clk 0:38:47]} 19. Rfd1 {[%clk 1:14:28]} b6
{[%clk 0:38:11]} 20. Nb3 {[%clk 1:03:25]} Nf6 {[%clk 0:37:18]} 21. d4
{[%clk 1:01:51]} e4 {[%clk 0:34:54]} 22. Rd2 {[%clk 0:58:16]} h5 {[%clk 0:33:46]}
23. h4 {[%clk 0:51:46]} Ng4 {[%clk 0:33:27]} 24. Bf1 {[%clk 0:48:59]} g5
{[%clk 0:29:39]} 25. hxg5 {[%clk 0:48:21]} h4 {[%clk 0:29:39]} 26. d5
{[%clk 0:48:29]} Bc8 {[%clk 0:28:57]} 27. gxh4 {[%clk 0:41:07]} Bxb2
{[%clk 0:27:49]} 28. Qxb2 {[%clk 0:41:36]} Qh7 {[%clk 0:27:59]} 29. Be2
{[%clk 0:38:09]} Qxh4 {[%clk 0:26:55]} 30. Bxg4 {[%clk 0:38:33]} Qxg4+
{[%clk 0:25:06]} 31. Kf1 {[%clk 0:38:59]} Qh3+ {[%clk 0:19:45]} 32. Ke1
{[%clk 0:33:46]} Qh1+ {[%clk 0:14:51]} 33. Ke2 {[%clk 0:34:09]} Qf3+
{[%clk 0:15:13]} 34. Ke1 {[%clk 0:34:23]} f4 {[%clk 0:15:27]} 35. Rdc2
{[%clk 0:31:54]} fxe3 {[%clk 0:08:18]} 36. fxe3 {[%clk 0:32:07]} Rf8
{[%clk 0:07:54]} 37. Rf2 {[%clk 0:24:06]} Qh1+ 0-1

[Event "World Chess Olympiad 2018"]
[Site "Batumi"]
[Date "2018.09.27"]
[Round "4"]
[Board "1"]
[WhiteFideId "13100050"]
[White "Rakotomaharo Fy Antenaina"]
[BlackFideId "5702488"]
[Black "Lim Zhuo Ren"]
[Result "1-0"]
[LiveChessVersion "1.4.8"]
[BlackElo "2182"]
[WhiteElo "2422"]

1. e4 {[%clk 1:30:57]} c5 {[%clk 1:30:34]} 2. Nf3 {[%clk 1:31:22]} d6
{[%clk 1:30:49]} 3. d4 {[%clk 1:31:46]} cxd4 {[%clk 1:31:03]} 4. Nxd4
{[%clk 1:32:10]} Nf6 {[%clk 1:31:22]} 5. Nc3 {[%clk 1:32:34]} a6 {[%clk 1:31:49]}
6. h4 {[%clk 1:32:26]} e5 {[%clk 1:29:27]} 7. Nb3 {[%clk 1:32:51]} Be7
{[%clk 1:28:30]} 8. Bg5 {[%clk 1:33:13]} Be6 {[%clk 1:25:19]} 9. Bxf6
{[%clk 1:33:35]} Bxf6 {[%clk 1:25:30]} 10. g3 {[%clk 1:34:01]} O-O
{[%clk 1:25:18]} 11. Qd2 {[%clk 1:32:23]} a5 {[%clk 1:22:19]} 12. Bb5
{[%clk 1:30:58]} Na6 {[%clk 1:19:06]} 13. O-O-O {[%clk 1:24:53]} Be7
{[%clk 1:16:00]} 14. f4 {[%clk 1:24:10]} Nc7 {[%clk 1:09:25]} 15. a4
{[%clk 1:19:16]} Nxb5 {[%clk 1:02:22]} 16. Nxb5 {[%clk 1:19:24]} Qc8
{[%clk 1:02:36]} 17. Qc3 {[%clk 1:11:45]} Qxc3 {[%clk 0:55:01]} 18. Nxc3
{[%clk 1:08:11]} exf4 {[%clk 0:41:20]} 19. gxf4 {[%clk 1:05:49]} Bxb3
{[%clk 0:41:32]} 20. cxb3 {[%clk 1:06:10]} f5 {[%clk 0:42:00]} 21. Kd2
{[%clk 0:44:52]} Rae8 {[%clk 0:32:04]} 22. Rde1 {[%clk 0:42:32]} Bd8
{[%clk 0:28:12]} 23. Kd3 {[%clk 0:41:51]} Re6 {[%clk 0:24:20]} 24. h5
{[%clk 0:32:47]} Rfe8 {[%clk 0:22:32]} 25. Re2 {[%clk 0:30:03]} fxe4+
{[%clk 0:18:25]} 26. Rxe4 {[%clk 0:30:26]} Bf6 {[%clk 0:18:44]} 27. Rhe1
{[%clk 0:26:06]} Rxe4 {[%clk 0:16:18]} 28. Rxe4 {[%clk 0:25:21]} Rd8
{[%clk 0:15:21]} 29. Nd5 {[%clk 0:24:02]} Kf7 {[%clk 0:15:26]} 30. b4
{[%clk 0:23:00]} axb4 {[%clk 0:15:33]} 31. Rxb4 {[%clk 0:23:24]} Rd7
{[%clk 0:16:01]} 32. Ke4 {[%clk 0:19:23]} g6 {[%clk 0:15:38]} 33. hxg6+
{[%clk 0:19:21]} hxg6 {[%clk 0:15:46]} 34. Nb6 {[%clk 0:16:39]} Rc7
{[%clk 0:15:12]} 35. Nd5 {[%clk 0:16:58]} Rd7 {[%clk 0:15:40]} 36. Nb6
{[%clk 0:15:02]} Rc7 {[%clk 0:16:08]} 37. Kd5 {[%clk 0:15:14]} Be7
{[%clk 0:14:58]} 38. Rc4 {[%clk 0:12:16]} Rxc4 {[%clk 0:10:43]} 39. Nxc4
{[%clk 0:12:40]} Kf6 {[%clk 0:11:11]} 40. a5 {[%clk 0:10:14]} Kf5
{[%clk 0:40:50]} 41. b4 {[%clk 0:38:59]} Kxf4 {[%clk 0:33:13]} 42. b5
{[%clk 0:38:56]} Bh4 {[%clk 0:32:47]} 43. Nxd6 {[%clk 0:23:01]} Bf2
{[%clk 0:33:05]} 44. Nxb7 {[%clk 0:22:56]} g5 {[%clk 0:29:51]} 45. Nc5
{[%clk 0:21:53]} g4 {[%clk 0:28:55]} 46. b6 {[%clk 0:22:08]} Kf3 {[%clk 0:25:59]}
47. b7 {[%clk 0:16:09]} Bg3 {[%clk 0:26:12]} 48. Nd7 {[%clk 0:16:35]} Bb8
{[%clk 0:23:55]} 49. Nxb8 {[%clk 0:16:19]} g3 {[%clk 0:24:18]} 50. Nc6
{[%clk 0:16:43]} g2 {[%clk 0:24:45]} 51. b8=Q {[%clk 0:17:04]} g1=Q
{[%clk 0:25:06]} 52. Nd4+ {[%clk 0:17:00]} 1-0

[Event "World Chess Olympiad 2018"]
[Site "Batumi"]
[Date "2018.09.27"]
[Round "4"]
[Board "2"]
[WhiteFideId "5712181"]
[White "Lye Lik Zang"]
[BlackFideId "13100351"]
[Black "Ralison Milanto Harifidy"]
[Result "0-1"]
[LiveChessVersion "1.4.8"]
[BlackElo "2281"]
[WhiteElo "2351"]

1. d4 {[%clk 1:30:54]} Nf6 {[%clk 1:30:50]} 2. c4 {[%clk 1:31:08]} g6
{[%clk 1:31:09]} 3. Nc3 {[%clk 1:31:25]} d5 {[%clk 1:31:31]} 4. Bf4
{[%clk 1:30:45]} Bg7 {[%clk 1:31:42]} 5. e3 {[%clk 1:30:58]} c5 {[%clk 1:31:14]}
6. dxc5 {[%clk 1:24:37]} Qa5 {[%clk 1:30:45]} 7. Rc1 {[%clk 1:14:20]} Ne4
{[%clk 1:28:51]} 8. Qb3 {[%clk 1:08:23]} Nd7 {[%clk 1:24:34]} 9. cxd5
{[%clk 0:59:36]} O-O {[%clk 1:24:27]} 10. Nge2 {[%clk 0:52:15]} Ndxc5
{[%clk 1:20:47]} 11. Qd1 {[%clk 0:51:20]} Bd7 {[%clk 1:07:50]} 12. f3
{[%clk 0:32:34]} Ba4 {[%clk 1:00:37]} 13. b3 {[%clk 0:32:25]} Nxc3
{[%clk 0:56:26]} 14. Nxc3 {[%clk 0:31:19]} Bxc3+ {[%clk 0:56:19]} 15. Kf2
{[%clk 0:31:46]} Bd7 {[%clk 0:52:42]} 16. a3 {[%clk 0:30:53]} Na6
{[%clk 0:52:18]} 17. h4 {[%clk 0:27:42]} Rfc8 {[%clk 0:49:07]} 18. h5
{[%clk 0:25:45]} Qxa3 {[%clk 0:47:44]} 19. Bc4 {[%clk 0:22:37]} Nb4
{[%clk 0:46:37]} 20. hxg6 {[%clk 0:20:21]} hxg6 {[%clk 0:42:55]} 21. d6
{[%clk 0:13:53]} e6 {[%clk 0:40:21]} 22. Kg3 {[%clk 0:11:16]} Bf6
{[%clk 0:38:45]} 23. Qd2 {[%clk 0:06:29]} b5 {[%clk 0:37:05]} 24. Bg5
{[%clk 0:05:50]} Bg7 {[%clk 0:33:32]} 25. Bh6 {[%clk 0:01:37]} Qb2
{[%clk 0:25:32]} 26. Bxg7 {[%clk 0:01:15]} Qxg7 {[%clk 0:25:25]} 27. Qxb4
{[%clk 0:01:00]} bxc4 {[%clk 0:25:44]} 28. Qb7 {[%clk 0:00:36]} Qe5+
{[%clk 0:23:23]} 29. Kf2 {[%clk 0:00:44]} Bc6 {[%clk 0:19:24]} 30. Qe7
{[%clk 0:00:48]} Rd8 {[%clk 0:15:12]} 31. Rh7 {[%clk 0:00:37]} Rd7
{[%clk 0:14:46]} 32. Qh4 {[%clk 0:00:43]} Rxd6 {[%clk 0:14:23]} 33. Rh1
{[%clk 0:00:33]} Rd2+ {[%clk 0:13:29]} 34. Kf1 {[%clk 0:00:56]} Qa1+
{[%clk 0:13:09]} 35. Qe1 {[%clk 0:01:22]} Rd1 {[%clk 0:13:11]} 36. Rh8+
{[%clk 0:01:20]} Kg7 {[%clk 0:13:30]} 0-1

[Event "World Chess Olympiad 2018"]
[Site "Batumi"]
[Date "2018.09.27"]
[Round "4"]
[Board "3"]
[WhiteFideId "13100858"]
[White "Andriamasoandro Miora"]
[BlackFideId "5702640"]
[Black "Fong Yit San"]
[Result "1-0"]
[LiveChessVersion "1.4.8"]
[BlackElo "2108"]
[WhiteElo "2126"]

1. d4 {[%clk 1:30:51]} Nf6 {[%clk 1:30:55]} 2. Nf3 {[%clk 1:30:55]} g6
{[%clk 1:30:58]} 3. c3 {[%clk 1:30:35]} Bg7 {[%clk 1:31:21]} 4. Bf4
{[%clk 1:30:38]} O-O {[%clk 1:31:33]} 5. h3 {[%clk 1:30:06]} d6 {[%clk 1:31:55]}
6. Nbd2 {[%clk 1:29:45]} c5 {[%clk 1:32:17]} 7. dxc5 {[%clk 1:28:11]} dxc5
{[%clk 1:32:37]} 8. e4 {[%clk 1:27:38]} Nc6 {[%clk 1:31:27]} 9. Bc4
{[%clk 1:26:27]} Nh5 {[%clk 1:21:18]} 10. Be3 {[%clk 1:22:03]} b6
{[%clk 1:21:07]} 11. Qa4 {[%clk 1:20:49]} Qc7 {[%clk 1:20:16]} 12. O-O
{[%clk 1:07:58]} h6 {[%clk 1:17:50]} 13. Rfe1 {[%clk 1:06:23]} Kh7
{[%clk 1:13:05]} 14. g4 {[%clk 0:58:56]} Nf6 {[%clk 1:12:11]} 15. e5
{[%clk 0:57:30]} Nd7 {[%clk 0:57:48]} 16. Bd5 {[%clk 0:56:21]} Bb7
{[%clk 0:56:28]} 17. e6 {[%clk 0:46:17]} fxe6 {[%clk 0:53:52]} 18. Be4
{[%clk 0:45:44]} Nce5 {[%clk 0:45:13]} 19. Nh4 {[%clk 0:42:48]} Bf6
{[%clk 0:43:35]} 20. Ng2 {[%clk 0:38:10]} Bxe4 {[%clk 0:40:17]} 21. Qxe4
{[%clk 0:38:31]} Qc6 {[%clk 0:38:22]} 22. Qc2 {[%clk 0:34:17]} Rg8
{[%clk 0:30:16]} 23. Bf4 {[%clk 0:29:39]} Nf7 {[%clk 0:29:35]} 24. Re3
{[%clk 0:26:35]} e5 {[%clk 0:29:06]} 25. Bg3 {[%clk 0:23:17]} Ng5
{[%clk 0:26:27]} 26. h4 {[%clk 0:22:27]} Nh3+ {[%clk 0:26:40]} 27. Kh2
{[%clk 0:22:50]} Nf4 {[%clk 0:27:01]} 28. Nxf4 {[%clk 0:23:08]} exf4
{[%clk 0:27:21]} 29. Bxf4 {[%clk 0:23:32]} Bxh4 {[%clk 0:27:05]} 30. Nf3
{[%clk 0:13:53]} Bf6 {[%clk 0:24:22]} 31. g5 {[%clk 0:13:30]} hxg5
{[%clk 0:21:47]} 32. Nxg5+ {[%clk 0:13:17]} Kg7 {[%clk 0:20:42]} 33. Re6
{[%clk 0:12:49]} Rh8+ {[%clk 0:18:29]} 34. Kg3 {[%clk 0:13:07]} Qb7
{[%clk 0:13:18]} 35. Rae1 {[%clk 0:12:44]} Nf8 {[%clk 0:09:12]} 36. Rxf6
{[%clk 0:08:28]} exf6 {[%clk 0:09:06]} 37. Bd6 {[%clk 0:08:53]} Qd5
{[%clk 0:06:40]} 38. Re7+ {[%clk 0:08:55]} Kg8 {[%clk 0:06:45]} 39. Ne4
{[%clk 0:09:00]} Qf5 {[%clk 0:03:13]} 40. Qb3+ {[%clk 0:38:15]} Ne6
{[%clk 0:33:38]} 41. Qxe6+ {[%clk 0:38:30]} Qxe6 {[%clk 0:34:04]} 42. Rxe6
{[%clk 0:38:55]} Rh5 {[%clk 0:29:23]} 43. Rxf6 {[%clk 0:35:01]} Re8
{[%clk 0:29:43]} 44. Rf4 {[%clk 0:34:48]} Kg7 {[%clk 0:28:58]} 45. Nf6
{[%clk 0:34:23]} Rg5+ {[%clk 0:28:23]} 46. Kh4 {[%clk 0:34:45]} Ree5
{[%clk 0:27:46]} 47. Bxe5 {[%clk 0:34:31]} Rxe5 {[%clk 0:28:11]} 48. Ne4
{[%clk 0:34:17]} g5+ {[%clk 0:28:19]} 49. Nxg5 {[%clk 0:34:36]} Re2
{[%clk 0:28:45]} 50. a4 {[%clk 0:27:25]} Rxb2 {[%clk 0:29:09]} 51. f3
{[%clk 0:25:47]} a6 {[%clk 0:28:48]} 52. Ne6+ {[%clk 0:25:34]} Kg6
{[%clk 0:28:58]} 53. Nc7 {[%clk 0:25:40]} a5 {[%clk 0:27:23]} 54. Nb5
{[%clk 0:24:35]} Ra2 {[%clk 0:27:47]} 55. Re4 {[%clk 0:23:41]} Kf5
{[%clk 0:28:08]} 56. Nd6+ {[%clk 0:24:06]} Kf6 {[%clk 0:28:31]} 57. Kg4
{[%clk 0:24:21]} Rc2 {[%clk 0:28:38]} 58. Nb5 {[%clk 0:24:22]} Ra2
{[%clk 0:28:46]} 59. Kf4 {[%clk 0:24:04]} Rh2 {[%clk 0:29:05]} 60. Ke3
{[%clk 0:23:58]} 1-0

[Event "World Chess Olympiad 2018"]
[Site "Batumi"]
[Date "2018.09.27"]
[Round "4"]
[Board "4"]
[WhiteFideId "5716934"]
[White "Mahmood Shah Mukhriez Shah"]
[BlackFideId "13101439"]
[Black "Razanadrakotoarisoa Toavina"]
[Result "1-0"]
[LiveChessVersion "1.4.8"]
[BlackElo "2013"]
[WhiteElo "1826"]

1. e4 {[%clk 1:29:07]} c5 {[%clk 1:29:20]} 2. Nf3 {[%clk 1:27:50]} d6
{[%clk 1:26:27]} 3. d4 {[%clk 1:26:44]} cxd4 {[%clk 1:26:50]} 4. Nxd4
{[%clk 1:26:14]} Nf6 {[%clk 1:26:55]} 5. Nc3 {[%clk 1:24:40]} a6 {[%clk 1:25:39]}
6. Bg5 {[%clk 1:23:32]} e6 {[%clk 1:25:30]} 7. f4 {[%clk 1:22:43]} h6
{[%clk 1:24:17]} 8. Bh4 {[%clk 1:21:18]} Be7 {[%clk 1:22:55]} 9. Qf3
{[%clk 1:20:33]} Nc6 {[%clk 1:21:39]} 10. O-O-O {[%clk 1:18:18]} Qc7
{[%clk 1:17:44]} 11. Be2 {[%clk 1:14:47]} O-O {[%clk 1:16:02]} 12. g4
{[%clk 1:00:36]} b5 {[%clk 1:00:04]} 13. Nxc6 {[%clk 0:59:08]} Qxc6
{[%clk 1:00:14]} 14. e5 {[%clk 0:59:18]} Bb7 {[%clk 0:47:39]} 15. Qxc6
{[%clk 0:59:20]} Bxc6 {[%clk 0:48:04]} 16. exf6 {[%clk 0:59:45]} Bxf6
{[%clk 0:48:23]} 17. Bxf6 {[%clk 1:00:05]} Bxh1 {[%clk 0:48:44]} 18. Bxg7
{[%clk 0:59:27]} Kxg7 {[%clk 0:48:36]} 19. Rxh1 {[%clk 0:59:53]} d5
{[%clk 0:43:14]} 20. Bd3 {[%clk 0:59:40]} Kf6 {[%clk 0:38:59]} 21. h4
{[%clk 0:59:45]} Rg8 {[%clk 0:31:26]} 22. Rg1 {[%clk 0:56:51]} Ke7
{[%clk 0:23:35]} 23. Ne2 {[%clk 0:56:01]} f5 {[%clk 0:13:30]} 24. gxf5
{[%clk 0:52:15]} Rxg1+ {[%clk 0:13:44]} 25. Nxg1 {[%clk 0:52:44]} exf5
{[%clk 0:13:35]} 26. Nf3 {[%clk 0:53:13]} Rg8 {[%clk 0:07:08]} 27. Kd2
{[%clk 0:50:46]} Kf6 {[%clk 0:06:18]} 28. Ke3 {[%clk 0:50:31]} Rg4
{[%clk 0:04:43]} 29. a4 {[%clk 0:50:28]} bxa4 {[%clk 0:04:32]} 30. Bxa6
{[%clk 0:50:21]} d4+ {[%clk 0:04:16]} 31. Nxd4 {[%clk 0:50:10]} Rxh4
{[%clk 0:04:39]} 32. Bb5 {[%clk 0:50:18]} Rh3+ {[%clk 0:01:08]} 33. Nf3
{[%clk 0:49:52]} a3 {[%clk 0:00:35]} 34. bxa3 {[%clk 0:50:21]} Ke6
{[%clk 0:00:33]} 35. a4 {[%clk 0:50:41]} 1-0

[Event "World Chess Olympiad 2018"]
[Site "Batumi"]
[Date "2018.09.27"]
[Round "4"]
[Board "1"]
[WhiteFideId "11000120"]
[White "Makoto Rodwell"]
[BlackFideId "4700236"]
[Black "Dervishi Erald"]
[Result "1-0"]
[LiveChessVersion "1.4.8"]
[BlackElo "2567"]
[WhiteElo "2338"]

1. Nf3 {[%clk 1:30:56]} Nf6 {[%clk 1:29:23]} 2. c4 {[%clk 1:31:00]} e6
{[%clk 1:29:47]} 3. g3 {[%clk 1:31:19]} d5 {[%clk 1:29:53]} 4. Bg2
{[%clk 1:31:30]} Be7 {[%clk 1:30:16]} 5. d4 {[%clk 1:31:28]} O-O {[%clk 1:30:35]}
6. O-O b6 {[%clk 1:30:51]} 7. Nc3 {[%clk 1:30:42]} Bb7 {[%clk 1:31:11]} 8. Ne5
{[%clk 1:30:44]} Na6 {[%clk 1:31:25]} 9. b3 {[%clk 1:25:09]} c5 {[%clk 1:30:16]}
10. Bb2 {[%clk 1:25:03]} Qc7 {[%clk 1:15:55]} 11. cxd5 {[%clk 1:16:32]} exd5
{[%clk 1:14:09]} 12. Rc1 {[%clk 1:16:32]} Rad8 {[%clk 1:11:04]} 13. e3
{[%clk 1:11:55]} Qb8 {[%clk 1:06:32]} 14. Ne2 {[%clk 1:09:35]} Ne4
{[%clk 0:57:44]} 15. Nf4 {[%clk 1:08:54]} Bd6 {[%clk 0:51:35]} 16. Qh5
{[%clk 0:59:44]} Nf6 {[%clk 0:34:39]} 17. Qe2 {[%clk 0:51:38]} Rfe8
{[%clk 0:32:53]} 18. Nfd3 {[%clk 0:38:29]} Ne4 {[%clk 0:31:58]} 19. Qh5
{[%clk 0:31:42]} Re7 {[%clk 0:28:15]} 20. Ng4 {[%clk 0:25:52]} c4
{[%clk 0:23:47]} 21. Nf4 {[%clk 0:14:46]} cxb3 {[%clk 0:18:25]} 22. axb3
{[%clk 0:13:37]} Nb4 {[%clk 0:17:48]} 23. Rfd1 {[%clk 0:12:34]} a5
{[%clk 0:15:06]} 24. f3 {[%clk 0:09:54]} Nf6 {[%clk 0:11:49]} 25. Nxf6+
{[%clk 0:09:58]} gxf6 {[%clk 0:12:16]} 26. Qh6 {[%clk 0:07:25]} Bxf4
{[%clk 0:12:19]} 27. gxf4 {[%clk 0:07:44]} Rd6 {[%clk 0:08:47]} 28. f5
{[%clk 0:07:18]} Qf8 {[%clk 0:05:21]} 29. Qf4 {[%clk 0:07:47]} Rd8
{[%clk 0:05:38]} 30. e4 {[%clk 0:07:27]} Ba6 {[%clk 0:03:16]} 31. Ba3
{[%clk 0:07:50]} Qg7 {[%clk 0:01:30]} 32. Kf2 {[%clk 0:06:40]} Kh8
{[%clk 0:00:37]} 33. Bxb4 {[%clk 0:05:47]} axb4 {[%clk 0:01:06]} 34. Rg1
{[%clk 0:05:27]} dxe4 {[%clk 0:00:54]} 35. fxe4 {[%clk 0:05:44]} Rxd4
{[%clk 0:01:01]} 36. Qb8+ {[%clk 0:05:50]} Qg8 {[%clk 0:01:17]} 37. Qxg8+
{[%clk 0:05:56]} Kxg8 {[%clk 0:01:46]} 38. Bf1+ {[%clk 0:06:06]} Kf8
{[%clk 0:02:14]} 39. Bxa6 {[%clk 0:06:08]} Rexe4 {[%clk 0:02:34]} 40. Rgd1
{[%clk 0:32:26]} Rf4+ {[%clk 0:32:22]} 41. Kg2 Rxd1 {[%clk 0:31:19]} 42. Rxd1
{[%clk 0:32:36]} Rxf5 {[%clk 0:31:44]} 43. Rd6 {[%clk 0:31:53]} Rg5+
{[%clk 0:28:41]} 44. Kf3 {[%clk 0:28:10]} Rc5 {[%clk 0:27:19]} 45. Bc4
{[%clk 0:27:51]} Rf5+ {[%clk 0:26:37]} 46. Ke4 {[%clk 0:27:50]} Re5+
{[%clk 0:24:19]} 47. Kd4 {[%clk 0:28:06]} Ke7 {[%clk 0:22:33]} 48. Rxb6
{[%clk 0:28:30]} Rh5 {[%clk 0:22:57]} 49. Rxb4 {[%clk 0:28:29]} Rxh2
{[%clk 0:23:14]} 50. Rb7+ {[%clk 0:28:54]} Kd6 {[%clk 0:23:33]} 51. Rxf7
{[%clk 0:29:13]} Rh4+ {[%clk 0:23:40]} 52. Kc3 {[%clk 0:29:01]} Ke5
{[%clk 0:23:59]} 53. b4 {[%clk 0:29:04]} f5 {[%clk 0:19:33]} 54. b5
{[%clk 0:28:48]} Rh6 {[%clk 0:19:54]} 55. Bd3 {[%clk 0:29:04]} f4
{[%clk 0:19:09]} 56. Rf5+ {[%clk 0:28:46]} Kd6 {[%clk 0:19:29]} 57. Rxf4
{[%clk 0:29:06]} Rh1 {[%clk 0:19:36]} 58. b6 {[%clk 0:28:57]} Rc1+
{[%clk 0:19:35]} 59. Kd2 {[%clk 0:28:53]} Rc8 {[%clk 0:19:29]} 60. b7
{[%clk 0:28:58]} 1-0

[Event "World Chess Olympiad 2018"]
[Site "Batumi"]
[Date "2018.09.27"]
[Round "4"]
[Board "2"]
[WhiteFideId "4700600"]
[White "Mehmeti Dritan"]
[BlackFideId "11309504"]
[Black "Mushore Emarald Takudzwa"]
[Result "0-1"]
[LiveChessVersion "1.4.8"]
[BlackElo "2152"]
[WhiteElo "2391"]

1. d4 {[%clk 1:30:53]} Nf6 {[%clk 1:30:56]} 2. Bg5 {[%clk 1:31:18]} d5
{[%clk 1:31:06]} 3. Bxf6 {[%clk 1:31:08]} gxf6 {[%clk 1:31:34]} 4. c4
{[%clk 1:30:19]} c5 {[%clk 1:30:39]} 5. e3 {[%clk 1:26:34]} cxd4 {[%clk 1:29:01]}
6. exd4 {[%clk 1:25:21]} Qb6 {[%clk 1:26:13]} 7. Nf3 {[%clk 1:21:04]} Qxb2
{[%clk 1:19:50]} 8. Nbd2 {[%clk 1:15:53]} Bh6 {[%clk 1:18:30]} 9. Be2
{[%clk 1:08:46]} Rg8 {[%clk 1:12:43]} 10. Rb1 {[%clk 1:02:53]} Bxd2+
{[%clk 1:10:57]} 11. Nxd2 {[%clk 1:02:56]} Qxd4 {[%clk 1:11:13]} 12. O-O
{[%clk 1:03:17]} Nc6 {[%clk 1:10:42]} 13. cxd5 {[%clk 0:57:26]} Bh3
{[%clk 1:03:21]} 14. g3 {[%clk 0:53:55]} Bxf1 {[%clk 1:02:22]} 15. dxc6
{[%clk 0:52:20]} Bxe2 {[%clk 1:02:05]} 16. cxb7 {[%clk 0:52:26]} Rb8
{[%clk 1:02:26]} 17. Qxe2 {[%clk 0:52:39]} Qd5 {[%clk 1:01:18]} 18. Nc4
{[%clk 0:43:47]} Kf8 {[%clk 1:00:55]} 19. Ne3 {[%clk 0:43:35]} Qe4
{[%clk 0:58:58]} 20. Qb2 {[%clk 0:43:26]} Rg5 {[%clk 0:58:19]} 21. Qc1
{[%clk 0:39:34]} Rc5 {[%clk 0:57:45]} 0-1